000
00300nam a22001337a 4500
008
170203b xxu||||| |||| 00| 0 eng d
020
_a
9780702025020
041
_a
eng
080
_2
6TH
_a
61
100
_a
3
101
_a
SHM
245
_a
LIVER BIOPSY INTERPRETATION
_c
SCHEUER, P.J
942
_2
udc
_c
BK
999
_c
4473
_d
4473